Statystyki dla Wszystkie miasta i miasteczka w Red Dead Redemption 2

Kliknij tutaj aby rozwiązać quiz!

Ogólne statystyki

  • Ten quiz został rozwiązany 226 razy
  • Średni wynik to 8 z 31

Statystyki odpowiedzi

StanMiasto% Poprawnych
New HanoverValentine
89%
LemoyneSaint Denis
85%
West ElizabethBlackwater
78%
West ElizabethStrawberry
77%
LemoyneRhodes
76%
New HanoverAnnesburg
67%
New AustinArmadillo
57%
New AustinTumbleweed
49%
New HanoverVan Horn
48%
New HanoverEmerald Ranch
38%
LemoyneLagras
27%
LemoyneLakay
15%
AmbarinoWapiti
14%
New AustinFort Mercer
11%
New AustinThieves Landing
11%
LemoyneCaliga Hall
10%
West ElizabethManzanita Post
10%
New HanoverFort Wallace
9%
New AustinMcFarlane's Ranch
6%
New AustinBenedict Point
4%
New AustinTwin Rocks
4%
GuarmaAguasdulces
3%
GuarmaCinco Torres
3%
LemoyneSisika
3%
New HanoverFlatneck Station
2%
West ElizabethWallace Station
2%
New AustinPlainview
1%
AmbarinoWindow Rock
1%
LemoyneBluewater Warsh
0%
New HanoverCitadel Rock
0%
GuarmaLa Capilla
0%

Rozkład punktacji

Percentyl według liczby udzielonych odpowiedzi

Procent ludzi z każdym wynikiem

Twoja historia wyników

Nie rozwiązałeś tego quizu